Score 0/57 Timer 07:00
1 Play Today
Hint 4-Letter Word % Correct
Home of actor ____ Connery⚜SEAN⚜
97.6%
Home of Loch ____ Monster⚜NESS⚜
93.5%
Home of tennis star ____ Murray⚜ANDY⚜
91.7%
Mickey Mouse creator DisneyWALT
91.3%
Ifs, ____, or butsANDS
90.6%
GiganticHUGE
90.3%
Takes a seatSITS
90.2%
Large, white water birdSWAN
89%
Head honcho at workBOSS
88.5%
Audible breathSIGH
88.4%
Located far above the ground HIGH
88.1%
Jedi archenemySITH
87.7%
Brooklyn NBA teamNETS
87.6%
Louse eggsNITS
87.5%
Home of actor ____ McGregor⚜EWAN⚜
87.4%
Mrs. Harry TrumanBESS
87.4%
Droop, become limpWILT
87.3%
Home of geologist ____ Miller⚜HUGH⚜
87.2%
Home of plaid skirt-like garment⚜KILT⚜
87.1%
Animal fat used for cookingLARD
86.7%
Unit of mass equal to 1000 gramsKILO
86.5%
Dracula author StokerBRAM
86.4%
____ 500 automobile raceINDY
85.2%
Home of ____ James VI and I⚜KING⚜
85%
Upper edge or lip of a cupBRIM
83.1%
Derisive chants at sporting eventBOOS
82.8%
Spanish auto manufacturerSEAT
79.8%
Improvisational jazz singingSCAT
78.9%
Donkey vocalizationBRAY
76.2%
Hint 4-Letter Word % Correct
Brac's partner in knickknacksBRIC
76.1%
With first rung, a prospective country⚜LAND⚜
75.4%
Red gum from trees used in tanningKINO
74.5%
Destiny, kismetFATE
74.4%
Ringling circus siblingsBROS.
74.1%
SpouseMATE
73.9%
With last rung, a prospective country⚜SCOT⚜
70.7%
Semi-hard Dutch cheeseEDAM
69.9%
Home of economist ____ Smith⚜ADAM⚜
67.9%
Jewish circumcision ceremonyBRIS
67.7%
Gunsmoke's U.S. Marshal DillonMATT
66%
1980 Irene Cara movieFAME
64.3%
Home of scientist Sir Robert Watson-____⚜WATT⚜
64.2%
Home of Olympic runner ____ Liddell⚜ERIC⚜
59.2%
Home of physicist ____ Kelvin⚜LORD⚜
58.5%
Of great distance or amount of timeLONG
58.4%
Large cod-like fishLING
56.6%
Home of philosopher David ____⚜HUME⚜
56.3%
Express great angerFUME
56.1%
Greek goddess of chaos, strife and discordERIS
52.5%
Vigorous spirit, enthusiasmÉLAN
51.6%
Irish word for 'trail' or 'path'LORG
47.5%
Pre-Iranic civilization ELAM
46.7%
Tagalog word for 'mother'INAY
34.8%
NVIDIA rendering softwareIRAY
34.5%
Sixth month of Hebrew civil calendarADAR
27.3%
Dabbling duck (mallards, etc.) genusANAS
25%
Persian word for 'pomegranate'ANAR
20.5%

Today's Daily Dose

You're not logged in!

Compare scores with friends on all Sporcle quizzes.
OR
Log In

Sporcle TV

Today on Sporcle TV


Watch our educational content, quiz creation guides, and fun videos on Sporcle TV.

Show Comments

Extras

Top Quizzes Today


Score Distribution

Your Account Isn't Verified!

In order to create a playlist on Sporcle, you need to verify the email address you used during registration. Go to your Sporcle Settings to finish the process.

Report this User

Report this user for behavior that violates our Community Guidelines.

Details: